Central Library OPAC University of Rajshahi

Algebraic extensions of fields / (Record no. 50416)

MARC details
000 -LEADER
fixed length control field 00787nam a2200241 a 4500
001 - CONTROL NUMBER
control field 50416
003 - CONTROL NUMBER IDENTIFIER
rucl marc code BD-RjUL
005 - DATE AND TIME OF LATEST TRANSACTION
control field 20211209075514.0
008 - FIXED-LENGTH DATA ELEMENTS--GENERAL INFORMATION
fixed length control field 160826s1966 mau b 001 0 eng
035 ## - SYSTEM CONTROL NUMBER
System control number (BD-RjUL)50536
040 ## - CATALOGING SOURCE
Original cataloging agency DLC/ICU
Transcribing agency ICU
Modifying agency BD-RjUL
Language of cataloging eng
041 ## - LANGUAGE CODE
Language code of text/sound track or separate title eng
082 00 - DEWEY DECIMAL CLASSIFICATION NUMBER
Classification number 512.3
Edition number 23
Author mark and year MCA 1966
100 1# - MAIN ENTRY--PERSONAL NAME
Personal name McCarthy, Paul J.
Fuller form of name (Paul Joseph),
Dates associated with a name 1928-
9 (RLIN) 151069
245 10 - TITLE STATEMENT
Title Algebraic extensions of fields /
Statement of responsibility, etc. [by] Paul J. McCarthy.
260 ## - PUBLICATION, DISTRIBUTION, ETC. (IMPRINT)
Place of publication, distribution, etc. Waltham, Mass. :
Name of publisher, distributor, etc. Blaisdell Pub. Co.,
Date of publication, distribution, etc. c1966
300 ## - PHYSICAL DESCRIPTION
Pagination ix, 166 p. ;
Size 24 cm.
504 ## - BIBLIOGRAPHY, ETC. NOTE
Bibliography, etc Bibliography: p. 161-163. and index
650 #0 - SUBJECT ADDED ENTRY--TOPICAL TERM
Topical term or geographic name as entry element Algebraic fields.
9 (RLIN) 151071
Topical term or geographic name as entry element Field extensions (Mathematics)
9 (RLIN) 151072
942 ## - ADDED ENTRY ELEMENTS (KOHA)
Source of classification or shelving scheme Dewey Decimal Classification
Koha item type Books
Holdings
Lost status Source of classification or shelving scheme Damaged status Not for loan Collection code Permanent Location Current Location Shelving location Date acquired Source of acquisition Cost, normal purchase price Total Checkouts Full call number Date last seen Copy number Koha item type
  Dewey Decimal Classification     Non-fiction Central Library, University of Rajshahi Central Library, University of Rajshahi   02/05/2001 Rajshahi shoma enterprise 74.43   512.3 MCA 1966 27/08/2016 C-2 Books
  Dewey Decimal Classification     Non-fiction Central Library, University of Rajshahi Central Library, University of Rajshahi   02/05/2001 Rajshahi shoma enterprise 74.43   512.3 MCA 1966 27/08/2016 C-3 Books
  Dewey Decimal Classification     Non-fiction Central Library, University of Rajshahi Central Library, University of Rajshahi   02/05/2001 Rajshahi shoma enterprise 74.43   512.3 MCA 1966 27/08/2016 C-4 Books
  Dewey Decimal Classification   Not For Loan Non-fiction Central Library, University of Rajshahi Central Library, University of Rajshahi Reading Room 10/12/1968 Zetlinger 68.00   512.3 MCA 1966 15/04/2017 C-1 Books